000
00336nam a2200133Ia 4500
008
191201s2006 xx 000 0 und d
100
_a
RITTNER, Don
245
0
_a
Viva Facts on File The Encyclopedia of Chemistry
250
_a
1st
260
_a
N.Delhi
_b
Viva Books
_c
2006
300
_a
342
650
_a
General Books
942
_2
ddc
_c
BK
999
_c
2464
_d
2464